| 000 | 01334nam a22002297a 4500 | ||
|---|---|---|---|
| 001 | 8124 | ||
| 003 | FISKH | ||
| 005 | 20250827121106.0 | ||
| 008 | 250827b cb ||||| |||| 00| 0 eng d | ||
| 020 | _a9780525479611 | ||
| 040 |
_aFISKH _beng _cFISKH _dFISKH |
||
| 050 | _aJ398.21 PET | ||
| 082 | _a398.21 | ||
| 100 | _aPeters, Stephanie True | ||
| 245 | _aThe mermaid's treasure / | ||
| 260 |
_aNew York : _bPenguin Books, _c2008. |
||
| 300 |
_a28 unnumbered pages : _bcolor illustrations ; _c31 cm |
||
| 520 | _aAnother sparkling gift book from The New York Timesbestselling author of A PRINCESS PRIMER. For anyone who has ever wondered if mermaids exist, here is a stunning oversize novelty book that reveals everything about their secret world, from how to recognize and find them to tips about their style and preferences. Stories about mermaids past and present are interwoven with activities such as selecting the perfect pet for a mermaid and touring a mermaid castle. Breathtaking watercolour paintings of mermaids, marine animals, and underwater landscapes offer plenty of details to discover. This beautiful gift book offers interactive fun on every page, leading up to a glittery surprise on the final spread. | ||
| 650 |
_aMermaids _vFantasy _xPicture Book _yStory teller |
||
| 942 |
_2ddc _cBK _n0 |
||
| 999 |
_c8124 _d8124 |
||